000 00601nam a22001697a 4500
999 _c18587
_d18587
003 AR-CdUCM
008 190514b ||||| |||| 00| 0 spa d
040 _aMUNICIPALIDAD PROVINCIAL DEL CUSCO
_cBIBLIOTECA MUNICIPAL DEL CUSCO
082 _22ed.
_a345.702 /
_bB23
100 _aBartolo, Jose Antonio
_939258
245 _aApuntes de practica forense /
260 _bMontevideo,
_c1957.
300 _a332 páginas ;
_c24 cm.
505 _aCapacidad legal para ejercer el comercio -- Sobre rubrica de los libros de contabilidad -- Sobre las marcas de fabrica...
942 _2ddc
_cLIBROS
945 _awfj